|
|
|
|
| LEADER |
00000cam a2200000 7i4500 |
| 001 |
0000002098 |
| 005 |
20021011.0 |
| 020 |
0 |
0 |
|a 9838080519
|
| 090 |
0 |
0 |
|a 581.7
|b PLA 1998
|
| 245 |
0 |
0 |
|a PLANTS of Putrajaya wetlands
|c W. H. Lim ... [et al.]
|
| 260 |
0 |
0 |
|a Putrajaya, Selangor :
|b Perbadanan Putrajaya ,
|c 1998
|
| 300 |
|
|
|a xii, 154 p. :
|b col. ill. ;
|c 27 cm.
|
| 500 |
0 |
0 |
|a Includes bibliography: p. 148-149 and index
|
| 650 |
0 |
0 |
|a Swamps
|z Putrajaya
|
| 650 |
0 |
0 |
|a Wetland plants
|z Putrajaya
|
| 650 |
0 |
0 |
|a Wetlands
|z Putrajaya
|
| 700 |
0 |
1 |
|a Lim
|h W.H.
|
| 998 |
|
|
|a JPSM
|
| 999 |
|
|
|a 0000003431
|b Monograph
|c Open Shelf
|e Default branch
|